<?xml version="1.0" encoding="UTF-8"?>
<collection xmlns="http://www.loc.gov/MARC21/slim">
<record>
  <controlfield tag="001">170694</controlfield>
  <controlfield tag="005">20260429150229.0</controlfield>
  <datafield tag="037" ind1=" " ind2=" ">
    <subfield code="a">TAZ-TFG-2026-327</subfield>
  </datafield>
  <datafield tag="041" ind1=" " ind2=" ">
    <subfield code="a">spa</subfield>
  </datafield>
  <datafield tag="100" ind1="1" ind2=" ">
    <subfield code="a">Clemente Maza,Clara</subfield>
  </datafield>
  <datafield tag="242" ind1="0" ind2="0">
    <subfield code="a">High-Value Transfers in European Football and Economic  Sustainability: Are They Compatible with Financial Fair Play?</subfield>
  </datafield>
  <datafield tag="245" ind1="0" ind2="0">
    <subfield code="a">Fichajes millonarios en el fútbol europeo y sostenibilidad económica  ¿Son compatibles con el Fair Play Financiero?</subfield>
  </datafield>
  <datafield tag="260" ind1=" " ind2=" ">
    <subfield code="a">Zaragoza</subfield>
    <subfield code="b">Universidad de Zaragoza</subfield>
    <subfield code="c">2026</subfield>
  </datafield>
  <datafield tag="506" ind1=" " ind2=" ">
    <subfield code="a">by-nc-sa</subfield>
    <subfield code="b">Creative Commons</subfield>
    <subfield code="c">3.0</subfield>
    <subfield code="u">http://creativecommons.org/licenses/by-nc-sa/3.0/</subfield>
  </datafield>
  <datafield tag="520" ind1=" " ind2=" ">
    <subfield code="a">El mercado de fichajes constituye uno de los principales ámbitos de decisión estratégica &lt;br />en la gestión de los clubes de fútbol profesional, especialmente en un contexto marcado &lt;br />por la implantación del Fair Play Financiero y por la creciente preocupación por la &lt;br />sostenibilidad económica del sector. En este marco, el presente Trabajo de Fin de Grado &lt;br />tiene como objetivo analizar los principales determinantes del gasto en fichajes de los &lt;br />clubes europeos, prestando especial atención al papel del rendimiento deportivo, la &lt;br />situación económico-financiera y las características estructurales de los clubes. &lt;br />Para ello, se construye una base de datos con información de clubes europeos &lt;br />pertenecientes a distintas ligas durante varias temporadas y se estima un modelo &lt;br />econométrico con efectos fijos. El esfuerzo inversor en el mercado de fichajes se mide a &lt;br />través del transfer_ratio, mientras que las variables explicativas incluyen indicadores de &lt;br />rendimiento deportivo, rentabilidad económica, solvencia financiera, tamaño del club y &lt;br />participación en competiciones europeas. &lt;br />Los resultados obtenidos muestran que el gasto en fichajes no responde de manera &lt;br />automática ni al rendimiento deportivo ni a los indicadores económico-financieros &lt;br />convencionales. En particular, no se observa un efecto significativo del rendimiento &lt;br />deportivo, la rentabilidad económica, la solvencia financiera ni la participación en &lt;br />competiciones europeas sobre el gasto en fichajes relativo. Por el contrario, el tamaño del &lt;br />club presenta un efecto negativo y estadísticamente significativo, lo que sugiere que los &lt;br />clubes de mayor dimensión tienden a mantener políticas de gasto más contenidas en &lt;br />relación con su capacidad económica. &lt;br />En conjunto, la evidencia empírica obtenida sugiere que el gasto en fichajes debe &lt;br />interpretarse como una herramienta de gestión estratégica condicionada por factores &lt;br />estructurales y por el entorno regulatorio, más que como una respuesta inmediata a los &lt;br />resultados deportivos o a la situación financiera de corto plazo. &lt;br />&lt;br /></subfield>
  </datafield>
  <datafield tag="521" ind1=" " ind2=" ">
    <subfield code="a">Programa conjunto en ADE/DERECHO (Grados)</subfield>
  </datafield>
  <datafield tag="540" ind1=" " ind2=" ">
    <subfield code="a">Derechos regulados por licencia Creative Commons</subfield>
  </datafield>
  <datafield tag="856" ind1="0" ind2=" ">
    <subfield code="f">815031@unizar.es</subfield>
  </datafield>
  <datafield tag="856" ind1="4" ind2=" ">
    <subfield code="s">580594</subfield>
    <subfield code="u">http://zaguan.unizar.es/record/170694/files/TAZ-TFG-2026-327.pdf</subfield>
    <subfield code="y">Memoria (spa)</subfield>
  </datafield>
  <datafield tag="909" ind1="C" ind2="O">
    <subfield code="o">oai:zaguan.unizar.es:170694</subfield>
    <subfield code="p">driver</subfield>
    <subfield code="p">trabajos-fin-grado</subfield>
  </datafield>
  <datafield tag="950" ind1=" " ind2=" ">
    <subfield code="a"></subfield>
  </datafield>
  <datafield tag="691" ind1=" " ind2=" ">
    <subfield code="a">0</subfield>
  </datafield>
  <datafield tag="692" ind1=" " ind2=" ">
    <subfield code="a"></subfield>
  </datafield>
  <datafield tag="700" ind1=" " ind2=" ">
    <subfield code="a">Urdaneta Camacho,Rudemarlyn</subfield>
    <subfield code="e">dir.</subfield>
  </datafield>
  <datafield tag="710" ind1="2" ind2=" ">
    <subfield code="a">Universidad de Zaragoza</subfield>
    <subfield code="b">Contabilidad y Finanzas</subfield>
    <subfield code="c">Economía Financiera y Contabilidad</subfield>
  </datafield>
  <datafield tag="980" ind1=" " ind2=" ">
    <subfield code="a">TAZ</subfield>
    <subfield code="b">TFG</subfield>
    <subfield code="c">ECON</subfield>
  </datafield>
  <datafield tag="999" ind1=" " ind2=" ">
    <subfield code="a">20260208170042.CREATION_DATE</subfield>
  </datafield>
  <datafield tag="951" ind1=" " ind2=" ">
    <subfield code="a">deposita:2026-04-29</subfield>
  </datafield>
</record>
</collection>